| 000 -LEADER | |
|---|---|
| fixed length control field | 00430nam a22001697a 4500 |
| 005 - DATE AND TIME OF LATEST TRANSACTION | |
| control field | 20160630120117.0 |
| 008 - FIXED-LENGTH DATA ELEMENTS--GENERAL INFORMATION | |
| fixed length control field | 160630b xxu||||| |||| 00| 0 eng d |
| 020 ## - INTERNATIONAL STANDARD BOOK NUMBER | |
| ISBN | 81-219-0306-8 |
| 041 ## - LANGUAGE CODE | |
| Language code of text/sound track or separate title | eng |
| 082 ## - DEWEY DECIMAL CLASSIFICATION NUMBER | |
| Item number | 19685 |
| 100 ## - MAIN ENTRY--AUTHOR NAME | |
| Personal name | Narayan Shanti & Other |
| 245 ## - TITLE STATEMENT | |
| Title | Elements Of Real Analysis |
| 260 ## - PUBLICATION, DISTRIBUTION, ETC. (IMPRINT) | |
| Place of publication | New Delhi |
| Name of publisher | Sultan Chand & Sons, |
| Year of publication | 2014 |
| 300 ## - PHYSICAL DESCRIPTION | |
| Number of Pages | M-25 |
| 650 ## - SUBJECT ADDED ENTRY--TOPICAL TERM | |
| Topical Term | Diploma Engineering |
| 942 ## - ADDED ENTRY ELEMENTS (KOHA) | |
| Koha item type | Books |
| Lost status | Damaged status | Collection code | Home library | Current library | Shelving location | Date acquired | Cost, normal purchase price | Full call number | Accession Number | Koha item type |
|---|---|---|---|---|---|---|---|---|---|---|
| CS/IT | JRU Library | SHELF-57-J | 08/04/2026 | 400.00 | 19685 | 19685 | Books | |||
| CS/IT | JRU Library | SHELF-57-J | 08/04/2026 | 400.00 | 19685 | 19686 | Books | |||
| CS/IT | JRU Library | SHELF-57-J | 08/04/2026 | 400.00 | 19685 | 19687 | Books | |||
| CS/IT | JRU Library | SHELF-57-J | 08/04/2026 | 400.00 | 19685 | 19688 | Books | |||
| CS/IT | JRU Library | SHELF-57-J | 08/04/2026 | 400.00 | 19685 | 19689 | Books | |||
| CS/IT | JRU Library | SHELF-57-J | 08/04/2026 | 400.00 | 19685 | 19690 | Books | |||
| CS/IT | JRU Library | SHELF-57-J | 08/04/2026 | 400.00 | 19685 | 19691 | Books | |||
| CS/IT | JRU Library | SHELF-57-J | 08/04/2026 | 400.00 | 19685 | 19692 | Books | |||
| CS/IT | JRU Library | SHELF-57-J | 08/04/2026 | 400.00 | 19685 | 19693 | Books | |||
| CS/IT | JRU Library | SHELF-57-J | 08/04/2026 | 400.00 | 19685 | 19694 | Books |